00400nam a2200133 i 4500001000300000100001500003245005600018260002200074700001500096040000800111041000800119008004100127856009800168bg1 aKIMURA, H.10aQuench hardening in metals /cH. Kimura, R. Maddin. aAmsterdam,c1971.1 aMADDIN, R. cBPK apol s pl f |000 0 pol  uhttp://koha.tu.koszalin.pl/cgi-bin/koha/opac-detail.pl?biblionumber=25675yKatalog online BPK